00227nam a2200097 a 4500008004100000050001900041100001800060245001800078260002400096350000900120120416s1980 xx |||||||||||||| || u aPR 6053.A489S4 aCarter, Peter14aThe Sentinels abUniv. Pressc1980 a0.00